000 00949cas a22002055a 4500
001 L149469
008 070613c1963 xxkwr p 0 a0eng
022 1 _a1365-8816
035 _a(Sirsi) u149469
041 0 _aeng
245 _aInternational Journal of Geographical Information Science
_h[electronic resource]
260 _aAbingdon
_bTaylor & Francis
_c1998-
500 _aAvailable via Ebsco with a 15 month embargo
520 _aStrives to provide a forum for the exchange of original ideas, techniques, approaches, techniques, approaches & experiences in the rapidly growing field of geographical information science.
651 4 _aInternational
690 _aENVIRONMENTAL AND LAND CONSULTANCY-GEOMATICS-GEOGRAPHIC INFORMATION SCIENCE-SPATIAL DATA AND METADATA MANAGEMENT
856 4 1 _uhttps://www.rics.org/profession-standards/knowledge-and-information-services
_zHow to access eJournals
942 _n0
_2ddc
948 _c08/03/2010
999 _c119266
_d119266